000 00362nam a2200145 a 4500
001 0616
005 20140414131914.0
008 040201s19uu xx 00 eng d
050 _aER
_bH19 1993
245 _aHansel and Gretel.
260 _aChina :
_bCreative child press,
_c1993.
300 _ap. ; cm.
440 _aFavourite fairy tales
999 _c111368
_d111368